Rock and Pop groups names in Spanish - Statistics

General Stats
  • This quiz has been taken 1,575 times
  • The average score is 9 of 15
Answer Stats
Hint Answer % Correct
Armas y Rosas Guns 'n Roses
92%
La Cura The Cure
89%
Reina Queen
87%
Las Puertas The Doors
82%
El Quién? The Who?
82%
Cabezas Parlantes Talking Heads
63%
Juego Frío Coldplay
56%
Las Piedras Rodantes The Rolling Stones
55%
Los Asesinos The Killers
53%
Morado Profundo Deep Purple
40%
Los Monos The Monkees
39%
Águilas Eagles
37%
Chicos de la Tienda de Mascotas Pet Shop Boys
35%
Caras Faces
34%
Prisa Rush
13%
No matching quizzes found
Score Distribution
Percent of People with Each Score
Percentile by Number Answered
Your Score History
You have not taken this quiz